[Event "Karvina Open 2013"]
[Site "Karvina CZE"]
[Date "2013.07.04"]
[Round "6.22"]
[White "Klus,Maciej"]
[Black "Brazina,D"]
[Result "1/2-1/2"]
[WhiteElo "1800"]
[BlackElo "1948"]

1.d4 Nf6 2.Nf3 d5 3.c4 c6 4.g3 g6 5.Bg2 Bg7 6.Nc3 O-O 7.Qb3 dxc4 8.Qxc4 b5
9.Qb3 Be6 10.Qc2 Na6 11.O-O Nb4 12.Qd1 Nbd5 13.Ng5 Nxc3 14.Nxe6 Nxd1 15.Nxd8 Raxd8
16.Rxd1 c5 17.d5 Nd7 18.Be3 a5 19.Rac1 c4 20.Rc2 Rc8 21.d6 exd6 22.Rxd6 Ne5
23.f4 Ng4 24.Bb6 c3 25.bxc3 Bxc3 26.Bc6 Bb4 27.Rd5 Rfe8 28.Rxb5 Re6 29.h3 Rcxc6
30.Rxc6 Rxc6 31.Bxa5 Bxa5 32.Rxa5 Ne3 33.Kf2 Rc3 34.Ra8+ Kg7 35.Rd8 Nf5 36.g4 Ne7
37.Rd7 Nc8 38.Rd3 Rc4 39.Kf3 Ra4 40.a3 Nb6 41.e3 Kf8 42.Rd6 Na8 43.Rd8+ Kg7
44.Rd3 Nc7 45.Rb3 Ne6 46.h4 h5 47.gxh5 gxh5 48.f5 Nf8 49.e4 Nd7 50.Kf4 Nf6
51.Rg3+ Kh6 52.Ke5 Nxe4 53.Rg8 Kh7 54.Rg2 f6+ 55.Ke6 Rxa3 56.Rg6 Ra5 57.Rg2 Re5+
58.Kf7 Ra5 59.Rg7+  1/2-1/2

[Event "4th ch-Vojvodina Int"]
[Site "Novi Sad SRB"]
[Date "2013.07.04"]
[Round "9.6"]
[White "Laketic,G"]
[Black "Ratkovic,Miloj"]
[Result "1-0"]
[WhiteElo "2410"]
[BlackElo "2258"]

1.d4 d5 2.c4 c6 3.Nf3 Nf6 4.Qc2 e6 5.g3 dxc4 6.Qxc4 Nbd7 7.Bg2 Bd6 8.O-O O-O
9.Rd1 Qe7 10.Nc3 e5 11.Qb3 h6 12.Nh4 Qe6 13.Qxe6 fxe6 14.dxe5 Bxe5 15.Ng6 Re8
16.Nxe5 Nxe5 17.Ne4 Nxe4 18.Bxe4 Kf7 19.Bd2 Ng4 20.Bc3 e5 21.f3 Nf6 22.Bc2 b6
23.Rd6 c5 24.Ba4 Re7 25.Bc6 Rb8 26.Rd8 Re6 27.Bb5 Ke7 28.Rad1 Bd7 29.R1xd7+ Nxd7
30.Rxd7+ Kf6 31.f4  1-0

[Event "2nd Arberopen 2013"]
[Site "Bayerisch Eisenstein GER"]
[Date "2013.07.05"]
[Round "7.3"]
[White "Vorobiov,E"]
[Black "Haba,P"]
[Result "1-0"]
[WhiteElo "2583"]
[BlackElo "2522"]

1.d4 d5 2.c4 c6 3.Nf3 Nf6 4.Qb3 e6 5.Bg5 h6 6.Bxf6 Qxf6 7.Nc3 Nd7 8.e3 g6
9.Bd3 Bg7 10.O-O O-O 11.Rad1 b6 12.Qa4 Nb8 13.e4 dxc4 14.Qxc4 Ba6 15.Qa4 Bxd3
16.Rxd3 a5 17.e5 Qd8 18.Ne4 Qd5 19.Re1 Na6 20.a3 Nc5 21.Nxc5 bxc5 22.Qc2 Rfd8
23.Red1 c4 24.Rc3 Rab8 25.Rb1 c5 26.Rxc4 cxd4 27.Nxd4 Qxd4 28.Rxd4 Rxd4 29.Re1 Rd5
30.f4 Bf8 31.h4 Rdb5 32.Re2 h5 33.Kh2 Rb3 34.Rd2 a4 35.g3 Be7 36.Kh3 Kg7
37.Rd7 R8b7 38.Rxb7 Rxb7 39.Qxa4 Rxb2 40.Qa7 Bf8 41.a4 Bb4 42.a5 Be1 43.a6 Bf2
44.Qa8 Bg1 45.Qh1 Ba7 46.Qa1 Rd2 47.Qb1 Rd7 48.g4 hxg4+ 49.Kxg4 Rc7 50.h5 gxh5+
51.Kxh5 Rd7 52.Qc2 Re7 53.Qg2+ Kf8 54.Kh6 Be3 55.Qe4 Bc5 56.Qa8+ Re8 57.Qc6 Be3
58.Kg5  1-0

[Event "Styrian Open A 2013"]
[Site "Bad Gleichenberg AUT"]
[Date "2013.07.06"]
[Round "1.17"]
[White "Schneider Zinner,H"]
[Black "Hapala,L"]
[Result "1/2-1/2"]
[WhiteElo "2355"]
[BlackElo "2040"]

1.d4 d5 2.Nf3 Nf6 3.c4 c6 4.Nbd2 Bf5 5.Nh4 Bg6 6.Qb3 Qc7 7.Nxg6 hxg6 8.g3 e6
9.Bg2 Nbd7 10.O-O Be7 11.a3 O-O 12.e4 dxe4 13.Nxe4 Nxe4 14.Bxe4 e5 15.dxe5 Nc5
16.Qc2 Qxe5 17.Bg2 Bf6 18.Be3 Ne6 19.Rfd1 Rfd8 20.Rab1 Nd4 21.Qe4 Qxe4 22.Bxe4 Ne6
23.Rxd8+ Nxd8 24.b4 b6 25.Rd1 Kf8 26.b5 Rc8 27.bxc6 Nxc6 28.c5 bxc5 29.Bxc5+ Be7
30.Bxe7+ Kxe7 31.h4 Ne5 32.Rd5 Nc4 33.a4 Nb6 34.Ra5 Rc7 35.Kg2 Kd6 36.Kh3 Rc4
37.Rxa7 Rxe4 38.Rxf7 Re7 39.Rxe7 Kxe7 40.a5 Nc8 41.Kg4 Kf6 42.a6 Na7 43.Kf4 Nb5
44.Kg4 Na7  1/2-1/2

[Event "IsBank TCh-TUR 2013"]
[Site "Denizli TUR"]
[Date "2013.07.06"]
[Round "8.4"]
[White "Mollov,E"]
[Black "Gvetadze,Sopi"]
[Result "0-1"]
[WhiteElo "2383"]
[BlackElo "2339"]

1.d4 d5 2.c4 c6 3.Nf3 Nf6 4.Qc2 dxc4 5.Qxc4 Bf5 6.g3 e6 7.Bg2 Nbd7 8.O-O Be7
9.Nc3 O-O 10.Re1 Bg6 11.Qb3 Qb6 12.Bg5 h6 13.Bxf6 Bxf6 14.e4 a5 15.Qxb6 Nxb6
16.Rac1 Rfd8 17.Red1 Bh5 18.Ne2 Rd7 19.e5 Be7 20.Nf4 Bxf3 21.Bxf3 Rad8 22.Ne2 c5
23.Kf1 cxd4 24.Rd3 Na4 25.b3 Nc5 26.Rdd1 Na6 27.Rc4 Bc5 28.Nf4 b5 29.Rc2 Ba3
30.Nd3 Rc7 31.Rc6 Rxc6 32.Bxc6 Nc7 33.Rd2 Rb8 34.Rc2 Na6 35.Be4 Nb4 36.Nxb4 Bxb4
37.Rc7 g5 38.h3 Bc3 39.Ke2 a4 40.f4 axb3 41.axb3 b4 42.Bf3 Rd8 43.Kd3 Be1
44.Bh5 Rf8 45.Kxd4 Bxg3 46.fxg5 hxg5 47.Rb7 Be1 48.Ke4 Bc3 49.Rd7 Kg7 50.Rb7 Rh8
51.Bxf7 Rh4+ 52.Ke3 Rxh3+ 53.Ke2 Rh2+ 54.Kf3 Bxe5 55.Bxe6+ Kf6 56.Bg4 Bd6
57.Rb6 Ke7 58.Rb7+ Kf8 59.Be6 Rh6 60.Bc4 Rh4 61.Be6 Rf4+ 62.Kg2 Re4 63.Bc4 g4
64.Rf7+ Ke8 65.Rg7 Rd4 66.Kf2 Be5 67.Rg5 Bc7 68.Be2 g3+ 69.Kf3 Rd2 70.Bb5+ Kf7
71.Be2 Rb2 72.Bc4+ Kf6 73.Rg8 Rf2+ 74.Ke4 g2 75.Bd5 Bh2  0-1

[Event "IsBank TCh-TUR 2013"]
[Site "Denizli TUR"]
[Date "2013.07.06"]
[Round "8.2"]
[White "Arutinian,D"]
[Black "Esen,B"]
[Result "1/2-1/2"]
[WhiteElo "2543"]
[BlackElo "2562"]

1.d4 d5 2.c4 c6 3.Nf3 Nf6 4.Qc2 dxc4 5.Qxc4 Bf5 6.g3 Nbd7 7.Bg2 e6 8.O-O Be7
9.e3 O-O 10.Rd1 Qc7 11.Nc3 e5 12.h3 Rad8 13.Qe2 Bb4 14.e4 Bxc3 15.exf5 Bxd4
16.Nxd4 exd4 17.Rxd4 Rfe8 18.Be3 Nb6 19.Rxd8 Qxd8 20.Qc2 Qb8 21.Rd1 Nbd5  1/2-1/2

[Event "IsBank TCh-TUR 2013"]
[Site "Denizli TUR"]
[Date "2013.07.06"]
[Round "9.2"]
[White "Esen,B"]
[Black "Mammadov,Z"]
[Result "1/2-1/2"]
[WhiteElo "2562"]
[BlackElo "2437"]

1.d4 d5 2.c4 c6 3.Nf3 Nf6 4.Qb3 dxc4 5.Qxc4 Bf5 6.g3 e6 7.Bg2 Be7 8.O-O O-O
9.e3 Nbd7 10.Rd1 Qc7 11.Nc3 e5 12.h3 Rad8 13.Qe2 exd4 14.Nxd4 Bg6 15.e4 Rfe8
16.Bf4 Qc8 17.Be3 Bc5 18.f3 Qb8 19.Qf2 Nb6 20.b3 Nc8 21.Nde2 Bxe3 22.Qxe3 Nd5
23.Qd2 Nxc3 24.Qxc3 f6 25.Kh2 Nd6  1/2-1/2

[Event "Karvina Open 2013"]
[Site "Karvina CZE"]
[Date "2013.07.06"]
[Round "8.12"]
[White "Stehlik,Jiri1"]
[Black "Fargac,M"]
[Result "1/2-1/2"]
[WhiteElo "1986"]
[BlackElo "2148"]

1.d4 d5 2.Nf3 Nf6 3.c4 c6 4.Qb3 e6 5.g3 Be7 6.Bg2 O-O 7.Nc3 b6 8.O-O dxc4
9.Qxc4 Ba6 10.Qb3 Nbd7 11.Bf4 Nd5 12.Nxd5 cxd5 13.Rfe1 g5 14.Bd2 Bb7 15.Bb4 f5
16.Rac1 g4 17.Nd2 Nf6 18.Bxe7 Qxe7 19.Rc2 Rfc8 20.Rec1 Qd7 21.e3 Rxc2 22.Rxc2 Rc8
23.Bf1 Rxc2 24.Qxc2 Kf7 25.f4 Qc6 26.Qxc6 Bxc6 27.Kf2 Ne8 28.Bd3 Nd6 29.Ke2 Ke7
30.Kd1 Bb5  1/2-1/2

[Event "11th Niki Open 2013"]
[Site "Nachod CZE"]
[Date "2013.07.06"]
[Round "8.1"]
[White "Jirka,J"]
[Black "Malaniuk,V"]
[Result "1-0"]
[WhiteElo "2432"]
[BlackElo "2529"]

1.d4 d5 2.Nf3 c6 3.c4 Nf6 4.g3 dxc4 5.Bg2 Nbd7 6.a4 a5 7.Na3 Nb6 8.O-O g6
9.Ne5 Be6 10.e4 Bg7 11.Be3 O-O 12.Rc1 Ra6 13.h3 Qc8 14.Kh2 Rd8 15.Nexc4 Nxc4
16.Nxc4 Bxc4 17.Rxc4 Ne8 18.Qb3 Qd7 19.Rfc1 e6 20.Rd1 Nd6 21.Rcc1 Raa8 22.Rd2 Rdc8
23.Rdc2 h6 24.d5 cxd5 25.exd5 e5 26.Bb6 e4 27.Rxc8+ Rxc8 28.Rxc8+ Qxc8 29.Bxa5 Qc4
30.Qxc4 Nxc4 31.Bc7 Bxb2 32.Bxe4 Ba3 33.Bd3 Nd6 34.Bb6 h5 35.Kg2 Kf8 36.Kf3 Ke7
37.Kf4 Bb4 38.h4 Bc3 39.Kg5 Bd2+ 40.Be3 Be1 41.Kh6 Kd7 42.Bc5 Bc3 43.Kh7 Be1
44.Kg8 Ke7 45.Bb5 Bd2 46.Be8 Kxe8 47.Bxd6 g5 48.Kg7  1-0

[Event "ch-BEL Open 2013"]
[Site "Antwerp BEL"]
[Date "2013.07.07"]
[Round "2.10"]
[White "Bomans,A"]
[Black "Smekens,R"]
[Result "1/2-1/2"]
[WhiteElo "2204"]
[BlackElo "1931"]

1.d4 d5 2.c4 c6 3.Nf3 Nf6 4.Nbd2 Bf5 5.Nh4 Bg6 6.Qb3 Qc7 7.Nxg6 hxg6 8.g3 e6
9.Bg2 Nbd7 10.O-O Qb6 11.Qxb6 Nxb6 12.c5 Nbd7 13.b4 Be7 14.Bb2 O-O 15.Rfc1 Ne8
16.a4 a6 17.Nb3 Nc7 18.Na5 Rab8 19.e3 Bf6 20.f4 Bd8 21.Kf2 f5 22.Bf1 Nf6
23.Kf3 Ne4 24.Bd3 g5 25.Ke2 g4 26.Rh1 Kf7 27.Bxe4 dxe4 28.h3 gxh3 29.Rxh3 Nd5
30.Nc4 Bc7  1/2-1/2

[Event "IsBank TCh-TUR 2013"]
[Site "Denizli TUR"]
[Date "2013.07.07"]
[Round "10.5"]
[White "Yurtseven,C"]
[Black "Erden,K"]
[Result "1/2-1/2"]
[WhiteElo "2299"]
[BlackElo "2232"]

1.d4 Nf6 2.c4 c6 3.Nf3 d5 4.g3 g6 5.Bg2 Bg7 6.O-O O-O 7.Qb3 Qb6 8.Nc3 Qxb3
9.axb3 Na6 10.Ne5 Nc7 11.Bf4 Ne6 12.cxd5 cxd5 13.Be3 Rd8 14.Ra5 b6 15.Rxd5 Nxd5
16.Nxd5 Ba6 17.Nxe7+ Kf8 18.Bxa8 Bxe5 19.Bf3 Nxd4 20.Bxd4 Bxd4 21.Nc6 Rd6
22.Nxd4 Rxd4 23.Ra1 Bc8 24.Rxa7 Be6 25.h4 Rd2 26.Rb7 Rxb2 27.Rxb6 Rxb3 28.Rc6 h6
29.Kg2 Kg7 30.g4 Rb4 31.Kg3 Rb5 32.Rc3 Ra5 33.e3 Kf6 34.Bg2 Rb5 35.Ra3 g5
36.f4 gxf4+ 37.exf4 Rb3+ 38.Rxb3 Bxb3 39.Kf2 Kg7  1/2-1/2

[Event "ch-BEL Open 2013"]
[Site "Antwerp BEL"]
[Date "2013.07.08"]
[Round "3.27"]
[White "Boschmans,Jos"]
[Black "Willockx,R"]
[Result "1/2-1/2"]
[WhiteElo "1830"]
[BlackElo "1965"]

1.d4 d5 2.c4 c6 3.Qc2 Nf6 4.Nf3 e6 5.Bf4 Bb4+ 6.Nbd2 O-O 7.e3 Nbd7 8.a3 Be7
9.Bd3 b6 10.cxd5 Nxd5 11.Bg3 Bb7 12.Bxh7+ Kh8 13.Bd3 c5 14.O-O cxd4 15.Nxd4 Nc5
16.Bb5 Rc8 17.Qd1 Nf6 18.Rc1 Qd5 19.N2f3 Nce4 20.Qe2 Nxg3 21.hxg3 Rxc1 22.Rxc1 Rc8
23.Rxc8+ Bxc8 24.Nc6 Bd6 25.Nxa7 Bb7 26.Bc4 Qh5 27.Nb5 Be7 28.Nc3 Ng4 29.e4 Bc5
30.Nd1 Nf6 31.b4 Be7 32.Bd3 Ng4 33.Ne3 Nf6 34.Nc4 Qh6 35.Nfd2  1/2-1/2

[Event "St. Pauli Open 2013"]
[Site "Hamburg GER"]
[Date "2013.07.08"]
[Round "3.23"]
[White "Richter,Stephan"]
[Black "Voigt,Ma"]
[Result "0-1"]
[WhiteElo "2033"]
[BlackElo "2301"]

1.Nf3 d5 2.d4 Nf6 3.c4 c6 4.Qc2 e6 5.g3 Nbd7 6.Bg2 Bd6 7.O-O O-O 8.Nbd2 e5
9.dxe5 Nxe5 10.Nxe5 Bxe5 11.Nf3 Bd6 12.Rd1 Qe7 13.Bg5 Be6 14.Bxf6 Qxf6 15.cxd5 cxd5
16.Nd4 Rac8 17.Qd2 Be5 18.e3 Rc5 19.Rac1 Rfc8 20.Rxc5 Rxc5 21.Nb3 Rc8 22.Qa5 Bxb2
23.Qxa7 b5 24.Qb6 g6 25.Qxb5 d4 26.exd4 Rc2 27.Rd2 Rxd2 28.Nxd2 Bxd4 29.Qe2 Bb6
30.Nb3 Bc4 31.Qd2 h5 32.h4 Qe5 33.Kh2 Qf5 34.Kg1 Qb1+ 35.Kh2 Qf5 36.Kg1 Kh7
37.Qb2 Qd3 38.Kh2 Qf5 39.Kg1 Qd3 40.Qd2 Qf5 41.Qb2 Qd3 42.Kh2 Qd1 43.Nd2 Bxf2
44.Nxc4 Bg1+  0-1

[Event "St. Pauli Open 2013"]
[Site "Hamburg GER"]
[Date "2013.07.08"]
[Round "3.1"]
[White "Socko,B"]
[Black "Krallmann,M"]
[Result "1-0"]
[WhiteElo "2646"]
[BlackElo "2262"]

1.d4 d5 2.c4 c6 3.Nf3 Nf6 4.Nbd2 Bf5 5.g3 e6 6.Bg2 h6 7.O-O Nbd7 8.b3 Bd6
9.Bb2 Qe7 10.Re1 O-O 11.Ne5 Rfd8 12.Nd3 Rac8 13.e4 dxe4 14.Nxe4 Bxe4 15.Bxe4 Nxe4
16.Rxe4 Nf6 17.Re3 Ba3 18.Bc3 b5 19.Rb1 Qb7 20.b4 a5 21.d5 cxd5 22.Bxf6 gxf6
23.Nf4 Bxb4 24.cxd5 Rxd5 25.Nxd5 Qxd5 26.Qxd5 exd5 27.Rd3 Rc2 28.Rxd5 Rxa2
29.Rxb5 Bc3 30.Rd5 a4 31.Rd3 Bb2 32.Kg2 Be5 33.Rb7 a3 34.Ra7 Bb2 35.g4 Kg7
36.Rdd7 Kg6 37.Rxf7 Kg5 38.Ra4 Be5 39.Rfa7 Bd6 40.Rg7+ Kh4 41.g5+  1-0

[Event "15th Saint-Lo IM"]
[Site "Saint-Lo FRA"]
[Date "2013.07.08"]
[Round "2.2"]
[White "Ider,B"]
[Black "Dumitrache,D"]
[Result "1/2-1/2"]
[WhiteElo "2386"]
[BlackElo "2451"]

1.d4 d5 2.Nf3 Nf6 3.c4 c6 4.Qb3 e6 5.Bg5 Nbd7 6.Nc3 Be7 7.e3 O-O 8.Bd3 b6
9.O-O Bb7 10.cxd5 exd5 11.Rac1 Re8 12.a4 a5 13.Rfe1 g6 14.e4 Nxe4 15.Nxe4 dxe4
16.Rxe4 c5 17.Rxe7 Rxe7 18.Bc4 Bxf3 19.Qxf3 Ra7 20.dxc5 Ne5 21.Qe2 Nxc4 22.Qxc4 bxc5
23.Bxe7 Rxe7 24.Qxc5 Qd2 25.Qc8+ Kg7 26.Qc3+ Qxc3 27.bxc3 Rc7 28.Kf1  1/2-1/2

[Event "ch-BEL Open 2013"]
[Site "Antwerp BEL"]
[Date "2013.07.09"]
[Round "4.27"]
[White "Van Poucke,Simon"]
[Black "Boschmans,Jos"]
[Result "0-1"]
[WhiteElo "2013"]
[BlackElo "1830"]

1.d4 d5 2.c4 c6 3.Nf3 Nf6 4.Qc2 g6 5.g3 Bg7 6.Bg2 Bf5 7.Qb3 Qb6 8.Nc3 dxc4
9.Qxc4 O-O 10.O-O Nbd7 11.Re1 Ne4 12.e3 Qa5 13.b4 Nd6 14.Qb3 Qd8 15.Nd2 e5
16.d5 cxd5 17.Nxd5 Be6 18.e4 Nb6 19.Bb2 Rc8 20.Rad1 Qe8 21.Ba1 Kh8 22.Qd3 Bxd5
23.exd5 f5 24.Bxe5 Bxe5 25.f4 Rc3 26.Nf3 Rxd3 27.Rxd3 Qb5 28.Nxe5 Rc8 29.a3 Nbc4
30.Bf1 Qb6+ 31.Kh1 Nxe5 32.fxe5 Qf2  0-1

[Event "23rd Heart of FIN"]
[Site "Jyvaskyla FIN"]
[Date "2013.07.10"]
[Round "4.2"]
[White "Mishuchkov,N"]
[Black "Gavrilov,Al1"]
[Result "0-1"]
[WhiteElo "2365"]
[BlackElo "2452"]

1.d4 Nf6 2.Nf3 d5 3.c4 c6 4.Qb3 dxc4 5.Qxc4 Bf5 6.e3 e6 7.Nbd2 Nbd7 8.Bd3 Bxd3
9.Qxd3 c5 10.O-O cxd4 11.Qxd4 Nc5 12.Nb3 Qxd4 13.Nbxd4 a6 14.b3 Bd6 15.Rd1 Nce4
16.Bb2 Ke7 17.Nd2 Nxd2 18.Rxd2 Rac8 19.f3 Rhd8 20.Rc1 Rxc1+ 21.Bxc1 Nd5 22.Kf2 Bc5
23.Nc2 b5 24.a3 f5 25.Ke2 e5 26.Bb2 Ke6 27.g3 Rc8 28.f4 Bd6 29.fxe5 Bxe5
30.Nd4+ Bxd4 31.Bxd4 Nc3+ 32.Kf3 Ne4 33.Ra2 g5 34.g4 Rc1 35.b4 Rf1+ 36.Kg2 Rd1
37.a4 fxg4 38.axb5 axb5 39.Ra5 Rd2+ 40.Kg1 Rd1+ 41.Kg2 Rd2+ 42.Kg1 Nf2 43.Rxb5 Nh3+
44.Kf1 Rxh2 45.Re5+ Kd7 46.Rd5+ Ke6 47.Re5+ Kd6 48.Ra5 Rf2+ 49.Ke1 Rc2 50.Rc5 Ra2
51.Ra5 Rg2 52.e4 Nf4 53.Rxg5 h6 54.Rg8 h5 55.Kf1 Rg3 56.b5 Rb3 57.b6 g3 58.Rg5 Rb1+  0-1

[Event "Universiade Women"]
[Site "Kazan RUS"]
[Date "2013.07.10"]
[Round "2.6"]
[White "Sgircea,S"]
[Black "Girya,O"]
[Result "1/2-1/2"]
[WhiteElo "2261"]
[BlackElo "2437"]

1.d4 d5 2.c4 c6 3.Nf3 Nf6 4.Qc2 dxc4 5.Qxc4 Bf5 6.g3 e6 7.Bg2 Nbd7 8.O-O Be7
9.Rd1 O-O 10.e3 Rc8 11.Qe2 b5 12.Ne5 Be4 13.f3 Bxb1 14.Rxb1 Nxe5 15.dxe5 Nd7
16.f4 Qc7 17.Bd2 Rfd8 18.Be1 Qb6 19.Bf2 c5 20.e4 Qc6 21.Rbc1 Nb6 22.Bf1 c4
23.Rxd8+ Rxd8 24.b3 Bb4 25.bxc4 Rd2 26.Qe3 Rxf2 27.cxb5 Rxf1+ 28.Kxf1 Qxb5+
29.Qe2 Qd7 30.Rd1 Qc7 31.Qb5 Bf8 32.a4 g5 33.f5 Qc2 34.Qe2 Qxe2+ 35.Kxe2 a5
36.f6 Nxa4 37.Ra1 Nc3+ 38.Kd3 Bb4 39.Rc1 Na4 40.Rc8+ Bf8 41.Ra8 Nc5+ 42.Ke3 Nb3
43.Kd3 a4 44.Kc3 Nc5 45.Kd4 g4 46.Ke3 h5 47.Kd4 Nb3+ 48.Kc3 Nc5 49.Kd4 Nd7
50.Rd8 Nc5 51.Ra8 a3 52.Rxa3 Nxe4 53.Ra8 Ng5 54.Ke3 Nf3 55.Kf4 Nxh2 56.Kg5 Nf3+
57.Kxh5 Nxe5 58.Kg5 Nd7 59.Rd8 Nc5 60.Kf4 Nb7 61.Rb8 Nd6 62.Rd8 Nb7 63.Rb8 Nc5
64.Rd8 Nb7 65.Rb8 Nc5 66.Rd8 Nb7 67.Rb8 Nd6 68.Rd8 Nb7 69.Rb8  1/2-1/2

[Event "28th Gniot Mem 2013"]
[Site "Police POL"]
[Date "2013.07.12"]
[Round "3.4"]
[White "Chojnacki,K"]
[Black "Tokarczyk,T"]
[Result "1/2-1/2"]
[WhiteElo "2442"]
[BlackElo "2198"]

1.d4 d5 2.c4 c6 3.Nf3 dxc4 4.e3 Be6 5.a4 Nf6 6.Na3 c5 7.Nxc4 Nc6 8.Nce5 cxd4
9.Bb5 Bd5 10.Qxd4 e6 11.Bd2 a6 12.Bxc6+ bxc6 13.Bb4 Bxb4+ 14.Qxb4 Rb8 15.Qd4 Qa5+
16.Qc3 Qxc3+ 17.bxc3 c5 18.O-O O-O 19.c4 Be4 20.a5 h6 21.Rfd1 Rfd8 22.Ne1 Kf8
23.f3 Rxd1 24.Rxd1 Rb1 25.Rxb1 Bxb1 26.Kf2 Ke7 27.Ke2 Nd7 28.Nxd7 Kxd7 29.Kd2 Kd6
30.Kc3 Bg6 31.e4 f6 32.Kd3 Bh7 33.f4 g5 34.g3 Bg6 35.Ke3 gxf4+ 36.gxf4 Bh5
37.Nd3 Kc6 38.Nf2 Kd7 39.Nh1 Bd1 40.Ng3 Bb3 41.Kd3 Ba2 42.Kc3 Bb1 43.e5 f5
44.Nh5 Ke7 45.Nf6 Ba2 46.Nh5 Bb1 47.Ng3 Kd7 48.Nf1 Be4 49.Nd2 Bg2 50.Kd3 Bh3
51.Nb3 Kc6 52.Na1 Bg2 53.Kc3 Bf3 54.Nc2 Be2 55.Ne3 Bf3 56.Kd2 Kd7 57.Ke1 Be4
58.Kf2 Bd3 59.Ke1 Be4 60.Ke2 Ke7 61.Nf1 Bb1 62.Ng3 Ba2 63.Kd3 Bb1+ 64.Kc3 Kd7
65.Nh5 Ke7 66.Nf6 Ba2 67.h4 Bb1 68.h5 Kd8 69.Ng8 Ke8 70.Kd2 Kf7 71.Nf6 Ke7
72.Kc3 Kd8  1/2-1/2

[Event "Styrian Open A 2013"]
[Site "Bad Gleichenberg AUT"]
[Date "2013.07.13"]
[Round "8.15"]
[White "Lorscheid,G"]
[Black "Bahl,Felix"]
[Result "1-0"]
[WhiteElo "2273"]
[BlackElo "2005"]

1.d4 d5 2.c4 c6 3.Nf3 Nf6 4.Qc2 g6 5.cxd5 cxd5 6.Nc3 Nc6 7.Bf4 Bg7 8.e3 O-O
9.Bb5 Bd7 10.O-O Rc8 11.Be2 Ne4 12.Qb3 Na5 13.Qxd5 Rxc3 14.Qxe4 Bf5 15.Qxf5 gxf5
16.bxc3 Qd5 17.Rfb1 b6 18.Rb5 Qd7 19.Rc1 Rc8 20.Rb4 e6 21.Ba6 Rd8 22.c4 Nc6
23.Bb5 Qc8 24.Rbb1 Qb7 25.h3 Rc8 26.c5 Nd8 27.Bc4 Qc6 28.Ba6 Nb7 29.Kh2 Qd7
30.cxb6 Rxc1 31.Rxc1 axb6 32.Rc7 Qa4 33.Rc8+  1-0

[Event "28th Gniot Mem 2013"]
[Site "Police POL"]
[Date "2013.07.14"]
[Round "5.21"]
[White "Dogoda,R"]
[Black "Oleniak,W"]
[Result "1/2-1/2"]
[WhiteElo "1895"]
[BlackElo "1849"]

1.d4 d5 2.c4 c6 3.Nf3 Nf6 4.g3 e6 5.Bg2 Bb4+ 6.Bd2 Bxd2+ 7.Nbxd2 O-O 8.O-O Nbd7
9.Qc2 Re8 10.b4 e5 11.dxe5 Nxe5 12.Nxe5 Rxe5 13.e3 Bf5 14.Qc3 Qe8 15.Nf3 Re7
16.Rfd1 dxc4 17.Qxc4 Be4 18.Nd4 Bxg2 19.Kxg2 Rd7 20.b5 Qe4+ 21.Kg1 cxb5 22.Qxb5 Rad8
23.Rdc1 h5 24.Rc5 Nd5 25.Qb1 Qe7 26.Qc1 g6 27.h4 Nf6 28.Rb1 b6 29.Rc6 Ng4
30.Rb5 Kh7 31.Rc3 Nf6 32.Qc2 Qe4 33.Qxe4 Nxe4 34.Rc2 Nc5 35.Kg2 Rd6 36.Rc4 R8d7
37.a4 Ne6 38.Nxe6 Rxe6 39.a5 bxa5 40.Rxa5 Kg7 41.Rca4  1/2-1/2

[Event "MTS GM 2013"]
[Site "Izmir TUR"]
[Date "2013.07.15"]
[Round "5.1"]
[White "Mirzoev,A"]
[Black "Kanmazalp,O"]
[Result "1-0"]
[WhiteElo "2536"]
[BlackElo "2384"]

1.d4 d5 2.Nf3 Nf6 3.c4 c6 4.Qc2 g6 5.e3 Bg7 6.Nc3 O-O 7.Be2 c5 8.dxc5 Qa5
9.Bd2 Qxc5 10.cxd5 Nxd5 11.O-O Nxc3 12.Bxc3 Bxc3 13.Rfc1 Nc6 14.Qxc3 Qxc3
15.Rxc3 Bd7 16.Rac1 Rac8 17.a3 e5 18.Kf1 f6 19.Ke1 Kf7 20.Nd2 Ke7 21.Nb3 Rb8
22.Nc5 Rfc8 23.b4 Nd8 24.f4 Ne6 25.fxe5 fxe5 26.Nxd7 Rxc3 27.Rxc3 Kxd7 28.Bg4 Rd8
29.Ke2 Ke7 30.h4 Rd6 31.Bf3 Rd7 32.Rc8 b6 33.Ra8 Rc7 34.g4 Nd8 35.Bd5 h6
36.Kf3 Nf7 37.Ke4 Nd6+ 38.Kxe5 Nc8 39.Be6  1-0

[Event "Lueneburg Open 2013"]
[Site "Lueneburg GER"]
[Date "2013.07.15"]
[Round "1.5"]
[White "Kopylov,M"]
[Black "Gehrmann,D"]
[Result "1-0"]
[WhiteElo "2454"]
[BlackElo "1927"]

1.d4 d5 2.c4 c6 3.Nf3 Nf6 4.Qc2 e6 5.g3 Nbd7 6.Bg2 Be7 7.O-O dxc4 8.Qxc4 Nb6
9.Qb3 O-O 10.Nc3 Bd7 11.Rd1 Qc8 12.Ne5 h6 13.e4 c5 14.d5 c4 15.Qc2 exd5 16.exd5 Bd6
17.Nxd7 Qxd7 18.a4 Bb4 19.d6 Rad8 20.Bf4 a6 21.a5 Nc8 22.Ra4 Bxd6 23.Rxc4 Ne8
24.Ne4 Qf5 25.Rcd4 g5 26.Rd5 Qg6 27.Bxd6 Ncxd6 28.Qd3  1-0

[Event "2nd Ideon Andron Open 2013"]
[Site "Anogia GRE"]
[Date "2013.07.16"]
[Round "8.11"]
[White "Aggeletos,Marios"]
[Black "Kostouros,A"]
[Result "1-0"]
[WhiteElo "1833"]
[BlackElo "2121"]

1.d4 d5 2.c4 c6 3.Nf3 Nf6 4.g3 dxc4 5.Bg2 b5 6.a4 Bb7 7.Ne5 Qb6 8.b3 cxb3
9.Qxb3 e6 10.O-O Qxd4 11.Bb2 Qb6 12.Rd1 bxa4 13.Qd3 Nd5 14.Nc4 Qb3 15.Nc3 Ba6
16.Rxa4 Bxc4 17.Rxc4 Qxb2 18.e4 Nd7 19.exd5 cxd5 20.Nxd5 exd5 21.Qxd5 Rd8
22.Rc8 Bd6 23.Qxd6 Qb5 24.Re1+  1-0

[Event "Lueneburg GM 2013"]
[Site "Lueneburg GER"]
[Date "2013.07.16"]
[Round "2.1"]
[White "Kopylov,M"]
[Black "Colpe,M"]
[Result "1/2-1/2"]
[WhiteElo "2454"]
[BlackElo "2311"]

1.d4 d5 2.c4 c6 3.Nf3 Nf6 4.Qc2 g6 5.cxd5 cxd5 6.Nc3 Nc6 7.Bf4 Bf5 8.Qb3 Na5
9.Qa4+ Bd7 10.Qd1 Qb6 11.Ne5 Qxb2 12.Nxd7 Qxc3+ 13.Bd2 Qc7 14.Nxf6+ exf6
15.e4 Rd8 16.Qf3 Qb6 17.Qd3 Nc4 18.Rb1 Qe6 19.Rxb7 a5 20.Be2 Bg7 21.exd5 Qxd5
22.Ra7 Nxd2 23.Qb5+ Kf8 24.Qxd5 Rxd5 25.Kxd2 f5 26.Rb1 Bxd4 27.Bc4 Bxa7+
28.Bxd5 Kg7  1/2-1/2

[Event "10th South Wales Int 2013"]
[Site "Penarth WLS"]
[Date "2013.07.16"]
[Round "5.19"]
[White "Bryant,Jon"]
[Black "Menadue,J"]
[Result "1/2-1/2"]
[WhiteElo "1926"]
[BlackElo "2145"]

1.Nf3 d5 2.d4 Nf6 3.c4 c6 4.Qc2 e6 5.g3 Nbd7 6.Bg2 Bd6 7.O-O O-O 8.Rd1 Ne4
9.Nc3 f5 10.Bf4 Bxf4 11.gxf4 Ndf6 12.Ne5 Nh5 13.e3 Bd7 14.Nxe4 fxe4 15.f3 exf3
16.Bxf3 Nf6 17.Kh1 Qe7 18.c5 Kh8 19.Rg1 Be8 20.Rg5 Rc8 21.Rag1 Rc7 22.R1g3 b6
23.b4 bxc5 24.bxc5 Rb7 25.Rh3 Kg8 26.Ng4 Bg6 27.Rxg6 hxg6 28.Ne5 Qe8 29.Nxg6 Kf7
30.Nxf8 Qxf8 31.Rg3 Qh8 32.Qg6+ Kf8 33.Rg1 Rb2 34.Rg2 Rxg2 35.Kxg2 Qh4 36.Qg3  1/2-1/2

[Event "Thracian Princess ch-BUL Open w 2013"]
[Site "Vratsa BUL"]
[Date "2013.07.16"]
[Round "2.4"]
[White "Dragomirescu,An"]
[Black "Stefanova,M"]
[Result "1-0"]
[WhiteElo "2239"]
[BlackElo "1989"]

1.d4 d5 2.c4 c6 3.Nd2 Nf6 4.Ngf3 a6 5.Qc2 g6 6.e3 Bf5 7.Qb3 Qc7 8.h3 Bg7
9.Be2 O-O 10.Nh4 Be6 11.Qc2 Rc8 12.c5 b6 13.Nb3 Nbd7 14.O-O bxc5 15.dxc5 Qa7
16.Bd2 Ne4 17.Bb4 Rab8 18.Ba3 a5 19.Rfc1 a4 20.Nd4 Nexc5 21.Bxc5 Nxc5 22.Qxc5 Qxc5
23.Rxc5 Rxb2 24.Nxe6 fxe6 25.Bg4 Kf7 26.Nf3 h5 27.Ng5+ Kf6 28.Bxe6 Rcb8 29.h4 R8b6
30.Rac1 Rxa2 31.Rxc6 Rxc6 32.Rxc6 Ra1+ 33.Kh2 Bh6 34.Bxd5+ Ke5 35.Bf7 Bxg5
36.hxg5 Kf5 37.Rxg6 a3 38.Ra6 Kxg5 39.Ra5+ e5 40.Kg3 h4+ 41.Kf3 Kf6 42.Bd5 Kf5
43.Ra6 Kg5 44.Be4 h3 45.gxh3 Kh4 46.Ra5 Kxh3 47.Rxe5 Kh4 48.Bg6  1-0

[Event "Czech Open G1 Rapid 2013"]
[Site "Pardubice CZE"]
[Date "2013.07.18"]
[Round "7.26"]
[White "Bystrov,SM"]
[Black "Sergeyev,A"]
[Result "1-0"]
[WhiteElo "2273"]
[BlackElo "2368"]

1.d4 d5 2.Nf3 Nf6 3.c4 c6 4.Qc2 dxc4 5.Qxc4 Nbd7 6.Nc3 Nb6 7.Qd3 Bg4 8.e4 Bxf3
9.gxf3 g6 10.Be3 Bg7 11.Be2 Qc7 12.O-O Rd8 13.Rad1 O-O 14.f4 c5 15.d5 Bh6
16.Qd2 Qd7 17.Kh1 Na4 18.Nxa4 Qxa4 19.f3 Nh5 20.b3 Qd7 21.Rg1 Qh3 22.f5 Bxe3
23.Qxe3 b6 24.Rg4 Nf6  1-0

[Event "Minsk Open 2013"]
[Site "Minsk BLR"]
[Date "2013.07.20"]
[Round "8.17"]
[White "Burdalev,K"]
[Black "Matviishen,Viktor"]
[Result "1/2-1/2"]
[WhiteElo "2265"]
[BlackElo "2079"]

1.Nf3 d5 2.d4 Nf6 3.c4 c6 4.Qc2 a6 5.g3 g6 6.Bg2 Bg7 7.O-O O-O 8.Nbd2 Bf5
9.Qb3 Ra7 10.Ne5 Be6 11.Qc2 Nfd7 12.Nef3 b5 13.b3 Bf5 14.Qd1 e5 15.dxe5 Nxe5
16.Ba3 Re8 17.Rc1 dxc4 18.Nxe5 Bxe5 19.e4 Rd7 20.Rc2 Be6 21.Qc1 cxb3 22.Nxb3 Bxb3
23.axb3 Rd3 24.b4 Re7 25.f4 Bd4+ 26.Kh1 Be3 27.Qa1 Red7 28.Bf3 Qe7 29.e5 Qe6
30.Be4 R3d4 31.Bf3 Rd3 32.Be4 R3d4 33.Bf3 Rd3 34.Be4  1/2-1/2

[Event "28th Avoine Open"]
[Site "Avoine FRA"]
[Date "2013.07.21"]
[Round "2.33"]
[White "Peric,Sl"]
[Black "Burri,Quentin"]
[Result "1-0"]
[WhiteElo "2218"]
[BlackElo "1971"]

1.d4 d5 2.Nf3 Nf6 3.c4 c6 4.Nbd2 g6 5.e3 Bg7 6.b4 a5 7.b5 cxb5 8.cxb5 Bf5
9.Nh4 Bd7 10.Bd3 e5 11.dxe5 Ng4 12.Nhf3 Nxe5 13.Nxe5 Bxe5 14.Rb1 O-O 15.O-O Bg7
16.Qa4 Be6 17.Nf3 f5 18.Bb2 Bxb2 19.Rxb2 Nd7 20.Rc2 Qf6 21.Rfc1 Nb6 22.Qd4 Qxd4
23.Nxd4 Bf7 24.Rc7 Rfc8 25.h4 Ra6 26.Nb3 Rxc7 27.Rxc7 Na8 28.Rc2 b6 29.Nd4 Kg7
30.Kh2 Ra7 31.Rc8 Nc7 32.Kg3 Ne6 33.f3 f4+ 34.Kf2 Nc5 35.Be2 fxe3+ 36.Kxe3 Kf6
37.g4 h6 38.Rc6+ Kg7 39.Kf4 Nd7 40.h5 g5+ 41.Kg3  1-0